000 00295nam a22001337a 4500
008 181023b xxu||||| |||| 00| 0 eng d
020 _a9780824834500
041 _aeng
080 _a371
100 _a46
101 _aEDU
245 _aIntegrated Korean Workbook
_cPark, M.J
942 _2udc
_cBK
999 _c50642
_d50642